Влияние поровой структуры хрупкой керамики на разрушение при динамическом нагружении; Известия Томского политехнического университета [Известия ТПУ]; Т. 315, № 2: Математика и механика. Физика
| Parent link: | Известия Томского политехнического университета [Известия ТПУ]/ Томский политехнический университет (ТПУ).— , 2000- Т. 315, № 2: Математика и механика. Физика.— 2009.— [С. 113-117] |
|---|---|
| Beste egile batzuk: | , , , , , |
| Gaia: | Заглавие с титульного листа Электронная версия печатной публикации Исследовано влияние поровой структуры на разрушение хрупких керамических материалов при динамическом сжатии. Показано, что поровые кластеры оказывают существенное влияние на размеры фрагментов при разрушении пористых керамических материалов. Сделан вывод о том, что при ударно-волновом нагружении наличие кластеров в поровой структуре приводит к образованию продольных трещин. |
| Hizkuntza: | errusiera |
| Argitaratua: |
2009
|
| Saila: | Математика и механика. Физика |
| Gaiak: | |
| Sarrera elektronikoa: | http://www.lib.tpu.ru/fulltext/v/Bulletin_TPU/2009/v315/i2/26.pdf |
| Formatua: | Baliabide elektronikoa Liburu kapitulua |
| KOHA link: | https://koha.lib.tpu.ru/cgi-bin/koha/opac-detail.pl?biblionumber=176589 |
MARC
| LEADER | 00000nla2a2200000 4500 | ||
|---|---|---|---|
| 001 | 176589 | ||
| 005 | 20231031165338.0 | ||
| 035 | |a (RuTPU)RU\TPU\book\191444 | ||
| 035 | |a RU\TPU\book\191426 | ||
| 090 | |a 176589 | ||
| 100 | |a 20100302d2009 k y0rusy50 ca | ||
| 101 | 0 | |a rus | |
| 102 | |a RU | ||
| 135 | |a drnn ---uucaa | ||
| 181 | 0 | |a i | |
| 182 | 0 | |a b | |
| 200 | 1 | |a Влияние поровой структуры хрупкой керамики на разрушение при динамическом нагружении |b Электронный ресурс |f В. А. Скрипняк [и др.] | |
| 203 | |a Текст |c электронный | ||
| 215 | |a 1 файл (607 Кб) | ||
| 225 | 1 | |a Математика и механика. Физика | |
| 230 | |a Электронные текстовые данные (1 файл : 607 Кб) | ||
| 300 | |a Заглавие с титульного листа | ||
| 300 | |a Электронная версия печатной публикации | ||
| 320 | |a [Библиогр.: с. 117 (10 назв.)] | ||
| 330 | |a Исследовано влияние поровой структуры на разрушение хрупких керамических материалов при динамическом сжатии. Показано, что поровые кластеры оказывают существенное влияние на размеры фрагментов при разрушении пористых керамических материалов. Сделан вывод о том, что при ударно-волновом нагружении наличие кластеров в поровой структуре приводит к образованию продольных трещин. | ||
| 337 | |a Adobe Reader | ||
| 461 | 1 | |0 (RuTPU)RU\TPU\book\176237 |t Известия Томского политехнического университета [Известия ТПУ] |f Томский политехнический университет (ТПУ) |d 2000- | |
| 463 | 1 | |0 (RuTPU)RU\TPU\book\191065 |x 1684-8519 |t Т. 315, № 2: Математика и механика. Физика |v [С. 113-117] |d 2009 |p 215 с. | |
| 610 | 1 | |a конструкционная керамика | |
| 610 | 1 | |a пористость | |
| 610 | 1 | |a динамическое нагружение | |
| 610 | 1 | |a деформации | |
| 610 | 1 | |a локализация | |
| 610 | 1 | |a микроповреждения | |
| 610 | 1 | |a компьютерное моделирование | |
| 610 | 1 | |a электронный ресурс | |
| 701 | 1 | |a Скрипняк |b В. А. | |
| 701 | 1 | |a Скрипняк |b Е. Г. | |
| 701 | 1 | |a Козулин |b А. А. | |
| 701 | 1 | |a Пасько |b Е. Г. | |
| 701 | 1 | |a Скрипняк |b В. В. | |
| 701 | 1 | |a Коробенков |b М. В. | |
| 801 | 1 | |a RU |b 63413507 |c 20090623 |g PSBO | |
| 801 | 2 | |a RU |b 63413507 |c 20211216 |g PSBO | |
| 856 | 4 | |u http://www.lib.tpu.ru/fulltext/v/Bulletin_TPU/2009/v315/i2/26.pdf | |
| 942 | |c CF | ||